The Routledge companion to production and operations management (Registro nro. 307853)

Detalles MARC
000 -ENCABEZADO
Número de control [NR] 01025cam a2200265 i 4500
005 - FECHA Y HORA DE LA ÚLTIMA TRANSACCIÓN
control field 20171115091118.0
008 - DE LONGITUD FIJA DE DATOS DE ELEMENTOS - INFORMACIÓN GENERAL
Elementos de longitud fija [NR] 171115s2017 enk b 000 0 eng d
010 ## - NUMERO DE CONTROL DE LA BIBLIOTECA DEL CONGRESO (LC) [NR]
Número de control LC [NR] 2016039738
020 ## - NUMERO INTERNACIONAL NORMALIZADO PARA LIBROS [R]
Número Internacional Normalizado del libro [NR] 9781138919594
020 ## - NUMERO INTERNACIONAL NORMALIZADO PARA LIBROS [R]
ISBN Cancelado/ Invalidado [R] 9781315687803
040 ## - FUENTE DE CATALOGACION [NR]
Agencia de catalogación original [NR] CO-BoUCM
Idioma de catalogación [NR] spa
Quien Cataloga Sandra Palacio
Quien Clasifica Sandra Palacio
041 0# - CODIGO DE IDIOMA [R]
Código de idioma para texto/pista de sonido o título separado [R] Inglés
245 04 - MENCION DE TITULO [NR]
Título [NR] The Routledge companion to production and operations management
Mención de responsabilidad, etc. [NR] editado por Martin K. Starr y Sushil K. Gupta
246 30 - FORMA VARIANTE DEL TITULO [R]
Título propiamente dicho/forma breve del título [NR] Companion to production and operations management
260 ## - PUBLICACION, DISTRIBUCION, ETC. (PIE DE IMPRENTA) [R]
Lugar de publicación, distribución, etc. [R] Nueva York (Estados Unidos)
Nombre del editor, distribuidor, etc. [R] Routledge
Fecha de publicación, distribución, etc. [R] 2017
300 ## - DESCRIPCION FISICA [R]
Extensión [R] lvi, 711 páginas
490 0# - MENCION DE SERIE [R]
Mención de serie [R] Operations management
650 17 - ASIENTO SECUNDARIO DE MATERIA - TERMINO TEMATICO [R]
Término temático o nombre geográfico como elemento de entrada [NR] Gestión de la producción
9 (RLIN) 16411
650 27 - ASIENTO SECUNDARIO DE MATERIA - TERMINO TEMATICO [R]
Término temático o nombre geográfico como elemento de entrada [NR] Investigación de operaciones
9 (RLIN) 17987
650 27 - ASIENTO SECUNDARIO DE MATERIA - TERMINO TEMATICO [R]
Término temático o nombre geográfico como elemento de entrada [NR] Gestion industrial
9 (RLIN) 16423
700 1# - ASIENTO SECUNDARIO - NOMBRE PERSONAL [R]
Nombre personal [NR] Starr, Martin K.
Forma más completa del nombre [NR] (Martin Kenneth)
Fechas asociadas con el nombre [NR] 1927-
Término de relación [R] editor
9 (RLIN) 88947
700 1# - ASIENTO SECUNDARIO - NOMBRE PERSONAL [R]
Nombre personal [NR] Gupta, Sushil
Títulos u otras palabras asociadas con el nombre [R] (Business scholar)
Término de relación [R] editor
9 (RLIN) 88948
942 ## - ELEMENTOS DE ENTRADA AGREGADOS (KOHA)
Sistema de clasificación DEWEY
Tipo de ítem principal el descrito en 300a Libro de reserva
Tema principal Administración
Edición 1
Clasificación 658.5
Parte restante de la signatura top. R869ro
Existencias
Signatura topográfica Código de barras Última vez visto Ejemplar Costo de reposición Price effective from Tipo de ítem Perdido Sistema de clasificación Dañado No prestable Tipo de ítem específico Suprimido Ubicación habitual Ubicación actual Localización Fecha de creación Proveedor Forma de adquisición Costo
658.5 R869ro 100155021 04/12/2025 Ej.1 525662.00 03/11/2017 Libro   DEWEY     Libro   Claustro Claustro 4to piso 03/11/2017 15 Compra 525662.00
658.5 R869ro 100155022 04/12/2025 Ej.2 529883.00 03/11/2017 Libro   DEWEY     Libro   Claustro Claustro 4to piso 03/11/2017 15 Compra 529883.00